000 00347nam a2200121Ia 4500
003 GCL
008 140319s9999 xx 000 0 eng d
040 _aGCL /
_cGCL
082 0 4 _a700.942
_bF C
245 1 0 _aTHE CAMBRIDGE GUIDE TO THE ARTS IN BRITAIN VOL 2 THE MIDDLE AGES
260 _a[S.N] :
_bCAMBRIBGE UNIVERSITY PRESS ،
_c1988
300 _a302 P
999 _c17927
_d17927